Statistics for North Sea Countries

Click here to take the quiz!

General Stats

  • This quiz has been taken 31,531 times
  • The average score is 6 of 7

Answer Stats

Country % Correct
United Kingdom
96%
Norway
96%
Denmark
95%
Netherlands
92%
Germany
90%
Belgium
89%
France
89%

Score Distribution

Percentile by Number Answered

Percent of People with Each Score

Your Score History

You have not taken this quiz